Normal view
MARC view
Entry Topical Term
001 - CONTROL NUMBER
- control field: 4003
003 - CONTROL NUMBER IDENTIFIER
- control field: BD-RjUL
005 - DATE AND TIME OF LATEST TRANSACTION
- control field: 20220705104950.0
008 - FIXED-LENGTH DATA ELEMENTS
- fixed length control field: 220705|| aca||aabn | a|a d
040 ## - CATALOGING SOURCE
- Original cataloging agency: BD-RjUL
- Transcribing agency: BD-RjUL
150 ## - HEADING--TOPICAL TERM
- Topical term or geographic name entry element: চলমান ছবি
- Geographic subdivision: ভারত
- Geographic subdivision: পশ্চিমবঙ্গ
670 ## - SOURCE DATA FOUND
- Source citation: Work cat.: (BD-RjUL)80084: ঘটক, ঋত্বিককুমার 4002, চলচ্চিত্র মানুষ এবং আরো কিছু /, ২০০৭, [পুনর্মুদ্রণ ২০২১]